Normal view MARC view
  • Batool Rahila

Entry Personal Name

Number of records used in: 1

001 - CONTROL NUMBER

  • control field: 24265

003 - CONTROL NUMBER IDENTIFIER

  • control field: NUST

005 - DATE AND TIME OF LATEST TRANSACTION

  • control field: 20191017155051.0

008 - FIXED-LENGTH DATA ELEMENTS

  • fixed length control field: 191017|| aca||aabn | a|a d

040 ## - CATALOGING SOURCE

  • Original cataloging agency: NUST
  • Transcribing agency: NUST

100 ## - HEADING--PERSONAL NAME

  • Personal name: Batool Rahila

670 ## - SOURCE DATA FOUND

  • Source citation: Work cat.: (NUST): Batool Rahila , MS/Thesis:Modelling and Control of Power Dissipation in Internet Data Centers, 2018
© 2023 Central Library, National University of Sciences and Technology. All Rights Reserved.